Central Library OPAC University of Rajshahi
Normal view MARC view

Entry Topical Term

Number of records used in: 2

001 - CONTROL NUMBER

  • control field: 6244

003 - CONTROL NUMBER IDENTIFIER

  • control field: BD-RjUL

005 - DATE AND TIME OF LATEST TRANSACTION

  • control field: 20221208184405.0

008 - FIXED-LENGTH DATA ELEMENTS

  • fixed length control field: 221208|| aca||aabn | a|a d

040 ## - CATALOGING SOURCE

  • Original cataloging agency: BD-RjUL
  • Transcribing agency: BD-RjUL

150 ## - HEADING--TOPICAL TERM

  • Topical term or geographic name entry element: zirconium
  • Form subdivision: Metallurgy

670 ## - SOURCE DATA FOUND

  • Source citation: Work cat.: (BD-RjUL)80939: Islam, Md. Ruhul 6243, Recovery of useful zirconium compounds from zircon fraction of the beach sand of Bangladesh /, 2007